000 00771nam a22002411a 4500
001 20655
003 BD-RjUL
005 20211209000607.0
008 140301s1954 enk 000 1 eng d
035 _a(BD-RjUL)20717
035 _a(OCoLC)232164
040 _aDLC
_cDLC
_dOCoLC
_dUk
_dWU
_dDLC
_dBD-RjUL
_beng
041 _aeng
082 0 0 _a822.91
_bJOC 1954
100 1 _aJohnson, Pamela Hansford,
_d1912-
_963736
245 1 0 _aCorinth House :
_ba play in three acts /
_cby Pamela Hansford Johnson, with an essay on the future of prose-drama.
260 _aLondon :
_bMacmillan ;
_aNew York :
_bSt. Martin's Press,
_c1954.
300 _avii, 143 p. ;
_c22 cm.
650 0 _aDrama, English.
_963737
942 _2ddc
_cBK
999 _c20655
_d20655